| 000 | 00565cam a2200217 i 4500 | ||
|---|---|---|---|
| 001 | 1808205 | ||
| 005 | 20180116044343.0 | ||
| 008 | 790308s1979 nyua b 001 0 eng | ||
| 010 | _a 79010149 | ||
| 020 |
_a0030475961 : _c$19.95 |
||
| 040 |
_aDLC _cDLC _dDLC |
||
| 041 | _aeng | ||
| 080 | _aV | ||
| 082 | 0 | 0 | _a641.1 RUD |
| 100 | 1 | _a10 | |
| 101 | _aNUT | ||
| 245 | 1 | 0 |
_aConsumer food selection and nutrition information / _cFredrica Rudell. |
| 504 | _aBibliography: p. 156-165. | ||
| 906 |
_a7 _bcbc _corignew _d1 _eocip _f19 _gy-gencatlg |
||
| 942 |
_2ddc _cBK |
||
| 999 |
_c40354 _d40354 |
||